Flight : (Record no. 3828)

MARC details
000 -LEADER
fixed length control field 00896nam a22002297a 4500
001 - CONTROL NUMBER
control field 3828
003 - CONTROL NUMBER IDENTIFIER
control field FISKH
005 - DATE AND TIME OF LATEST TRANSACTION
control field 20250821133033.0
008 - FIXED-LENGTH DATA ELEMENTS--GENERAL INFORMATION
fixed length control field 240515b cb ||||| |||| 00| 0 eng d
020 ## - INTERNATIONAL STANDARD BOOK NUMBER
International Standard Book Number 9781848102330
040 ## - CATALOGING SOURCE
Original cataloging agency FISKH
Language of cataloging eng
Transcribing agency FISKH
Modifying agency FISKH
050 ## - LIBRARY OF CONGRESS CALL NUMBER
Classification number TL570.B393
082 ## - DEWEY DECIMAL CLASSIFICATION NUMBER
Classification number 629.13
100 ## - MAIN ENTRY--PERSONAL NAME
Personal name Becklake, Sue
245 ## - TITLE STATEMENT
Title Flight :
Remainder of title Projects. Quizzes. Fun Facts. Cartoon /
Statement of responsibility, etc. Sue Becklake ; Consultant : Chris Oxlade
260 ## - PUBLICATION, DISTRIBUTION, ETC.
Place of publication, distribution, etc. San Diego :
Name of publisher, distributor, etc. Silver Dolphin Books,
Date of publication, distribution, etc. 2008.
300 ## - PHYSICAL DESCRIPTION
Extent 48 pages :
Other physical details color illustrations ;
Dimensions 30 cm
490 ## - SERIES STATEMENT
Series statement 100 facts
520 ## - SUMMARY, ETC.
Summary, etc. These 100 facts about flight are accompanied by detailed photographs to challenge children, acting as an incentive as they make their way through the book. Projects to make and do, amazing facts and cartoons add an extra element of fun.
650 ## - SUBJECT ADDED ENTRY--TOPICAL TERM
Topical term or geographic name entry element Airplanes
General subdivision Aviation
942 ## - ADDED ENTRY ELEMENTS (KOHA)
Source of classification or shelving scheme Dewey Decimal Classification
Koha item type Books
Suppress in OPAC No
Holdings
Withdrawn status Lost status Source of classification or shelving scheme Damaged status Not for loan Collection Home library Current library Shelving location Date acquired Total Checkouts Full call number Barcode Date last seen Price effective from Koha item type Copy number
    Dewey Decimal Classification     Non-Fiction Footprints International School Library Network Toul Kork Campus Footprints International School Library Network Toul Kork Campus A TK Campus, 4th Floor, Room B401, Non-Fiction Bookcases(7-8) 05/15/2024   BEC 629.13 TL570.B393 2024-0614 05/15/2024 05/15/2024 Books  
    Dewey Decimal Classification     Non-Fiction Footprints International School Library Network Toul Tom Poung Campus Footprints International School Library Network Toul Tom Poung Campus TTP Secondary Non-Fiction Bookshelves 08/21/2025   BEC 629.13 TL570.B393 2025-4192 08/21/2025 08/21/2025 Books 2